|
|
|
|
| LEADER |
01050nam a2200241 a 4500 |
| 001 |
4487277 |
| 008 |
091205s1997 dcuab b i001 0 eng d |
| 010 |
|
|
|a \\\97000213
|
| 020 |
|
|
|a 0821338897
|
| 040 |
|
|
|a DLC
|c DLC
|d DLC
|
| 082 |
0 |
0 |
|a 332.2/8
|2 21
|
| 245 |
0 |
4 |
|a The private sector and development :
|b five case studies.
|
| 260 |
|
|
|a Washington, D.C. :
|b International Finance Corporation,
|c 1997.
|
| 300 |
|
|
|a 57 p. :
|b ill., maps ;
|c 28 cm.
|
| 490 |
0 |
|
|a Results on the ground
|
| 504 |
|
|
|a Includes bibliographical references and index.
|
| 541 |
1 |
|
|e 00007156
|
| 650 |
|
0 |
|a Development credit corporations
|z Developing countries
|x Case studies.
|
| 650 |
|
0 |
|a Economic development projects
|z Developing countries
|x Finance
|x Case studies.
|
| 710 |
2 |
|
|a International Finance Corporation.
|
| 852 |
4 |
|
|a Ayesha Abed Library
|j General shelf
|
| 999 |
|
|
|c 5979
|d 5979
|
| 952 |
|
|
|0 0
|1 0
|2 ddc
|4 0
|6 332_280000000000000_PRI_1997
|7 0
|9 5964
|a BRACUL
|b BRACUL
|c GEN
|d 2009-12-07
|g 0.00
|l 0
|o 332.28 PRI
|p 3010007156
|r 2009-12-07
|t 1
|w 2009-12-07
|y BK
|x No price found in the accession register.
|